Análisis de la respuesta dinámica de depositos de suelo ubicados en varias ciudades del Valle Central
Guardado en:
| Hovedforfatter: | |
|---|---|
| Format: | Ukendt |
| Udgivet: |
[San José, Costa Rica]
1981
|
| Fag: | |
| Tags: |
Tilføj Tag
Ingen Tags, Vær først til at tagge denne postø!
|
MARC
| LEADER | 00000 a2200000 4500 | ||
|---|---|---|---|
| 003 | 001415 | ||
| 005 | 20221231143742.0 | ||
| 008 | 140114s1981 c a m 000 ||s d | ||
| 040 | |c cru CEDI | ||
| 090 | |a TFG 1000 | ||
| 100 | |a Valverde Mora, Marco Antonio |9 15916 | ||
| 245 | |a Análisis de la respuesta dinámica de depositos de suelo ubicados en varias ciudades del Valle Central | ||
| 260 | |c 1981 |a [San José, Costa Rica] | ||
| 300 | |a [215] hojas : ilustraciones ; 28 cm | ||
| 500 | |a Proyecto de graduación (ingeniero civil) -- Universidad de Costa Rica. | ||
| 650 | |x MECANICA DE SUELOS |9 15917 | ||
| 942 | |c TFG | ||
| 999 | |c 11266 |d 11266 | ||
